01621nam a22002177a 450000500170000000800410001702000180005804000070007604100080008308200210009110000180011224500510013025000120018126000400019330000310023336500690026452009830033365000410131670000230135770000230138020250310143955.0250310b ||||| |||| 00| 0 eng d a9781319154134 cAL aeng 223a574.88bCOXM aMichael M Cox aMolecular biology b: principles and practice a2nd ed. aNew YorkbMacmillan Educationc2015 axxviii,901p.bHBc28x22cm. 2GeneralaVBI-2366b₹6593.69c₹d₹8792.00e25%f28--02-2025 aWritten and illustrated with unsurpassed clarity, Molecular Biology: Principles and Practice introduces fundamental concepts while exposing students to how science is done. The authors convey the sense of joy and excitement that comes from scientific discovery, highlighting the work of researchers who have shaped―and who continue to shape―the field today. The second edition addresses recent discoveries and advances, corresponding to our ever-changing understanding of molecular biology. There are numerous new figures and photos, along with significantly updated figures in every chapter. There are also new end-of-chapter questions for every chapter and many new Unanswered Questions. This textbook is available with LaunchPad. LaunchPad combines an interactive ebook with high-quality multimedia content and ready-made assessment options, including Learning Curve adaptive quizzing. See ‘Instructor Resources’ and ‘Student Resources’ for further information. 2Molecular BiologyaMolecular Biology aDoudna, Jennifer A aO'Donnell, Michael